000 00679nam a22002057a 4500
005 20260615115456.0
010 _aENG-148825
020 _a9789387882249
_c1000.00
035 _aEN-132357
037 _bDBAD
082 _a020.5
_21
245 _aVisualizing Library Services in 2030 (NWVLS 2030)/
_cEdited By B. Ramesh Babu [and] I. Azariah Jeb Kumar
250 _a1
260 _aVaranasi
_bKrishna Prakashan
_c2019
270 _aB5/25 Oudhgarvi, Sonapura,
_bVaranasi
_e221001
_k8840071918
300 _a541p.
_b22cm(hb)
_cCol.
700 _aB. Ramesh Babu
_eEditor
_989381
700 _aI. Azariah Jeb Kumar
_eEditor
_989382
942 _2ddc
_cEN
_h020.5
_mVIS
999 _c216647
_d216647